Un nuevo espacio, nuevas imágenes juveniles: los consejos de curso: percepciones, valoraciones y expectativas

Uloženo v:
Podrobná bibliografie
Hlavní autor: Collao, Ondina (Autor)
Další autoři: Irrazabal Moya, Raúl (autor), Oyarzún Chicuy, Astrid A. (autora)
Médium: Kniha
Jazyk:španělština
Vydáno: Viña del Mar CIDPA 1998
Edice:Documento de Trabajo, 4
Témata:
Tagy: Přidat tag
Žádné tagy, Buďte první, kdo vytvoří štítek k tomuto záznamu!

MARC

LEADER 00000nam a2200000 a 4500
001 UCQ0583
003 CL-VaPUC
008 980628e19980000CL |||||||||||||||||spa|d
082 0 4 |a 371.242  |b COL  |2 21 
100 0 |a Collao, Ondina  |e author  |9 413791 
700 |a Irrazabal Moya, Raúl  |e autor  |9 519730 
700 |a Oyarzún Chicuy, Astrid A.  |e autora  |9 745423 
245 1 3 |a Un nuevo espacio, nuevas imágenes juveniles: los consejos de curso: percepciones, valoraciones y expectativas 
300 |a 110 p 
942 |c BK 
945 |d 19980628 00:00:00  |a mvenant 
260 |a Viña del Mar  |b CIDPA  |c 1998 
650 7 |a CONSEJO DE CURSO  |2 CL-VaPUC  |9 310678 
650 0 |a Jóvenes  |9 326981 
650 0 |a Aspectos sociales  |9 254894 
650 0 |a Educación básica   |9 224933 
650 0 |a Estudiantes   |9 257640 
650 0 |a Actividades educativas  |9 308316 
583 |a last modification  |c 20140410 09:04:02  |k Rodrigo Vera 
490 0 |a Documento de Trabajo, 4 
999 |c 271639  |d 271637 
952 |0 0  |1 0  |4 0  |6 371_242000000000000_COL_1998  |7 0  |8 P  |9 306344  |a BIBEDU  |b BIBEDU  |c BIBEDU_PB  |d 2019-11-20  |i 4595319  |o 371.242 COL 1998  |p 4595319  |r 2024-01-25  |w 2019-11-20  |y BK  |k BME